Szegeden megnyitották az országos diákköri konferenciát
Elmentve itt :
| Szerző: | |
|---|---|
| Dokumentumtípus: | Cikk |
| Megjelent: |
1977-04-01
|
| Sorozat: | Délmagyarország
67 No. 77 |
| Kulcsszavak: | diákköri konferenciák |
| Online Access: | http://dmarchiv.bibl.u-szeged.hu/118628 |
| LEADER | 00492nab a2200157 i 4500 | ||
|---|---|---|---|
| 001 | delm118628 | ||
| 005 | 20190529133420.0 | ||
| 008 | 190529s1977 hu o 0|| hun d | ||
| 040 | |a SZTE Délmagyarország Archívum |b hun | ||
| 041 | |a hun | ||
| 100 | 2 | |a Ács S. Sándor | |
| 245 | 1 | 0 | |a Szegeden megnyitották az országos diákköri konferenciát |h [elektronikus dokumentum] / |c Ács S. Sándor |
| 260 | |c 1977-04-01 | ||
| 300 | |a 1 | ||
| 490 | 0 | |a Délmagyarország |v 67 No. 77 | |
| 695 | |a diákköri konferenciák | ||